| 000 | 00717nam a22002417a 4500 | ||
|---|---|---|---|
| 001 | 8912 | ||
| 003 | FISKH | ||
| 005 | 20251031103651.0 | ||
| 008 | 251031b cb ||||| |||| 00| 0 eng d | ||
| 040 |
_aFISKH _beng _cFISKH _dFISKH |
||
| 050 | _aPZ8.S5874 W | ||
| 082 | _a178 | ||
| 100 | _aFeldman, Thea | ||
| 245 |
_aWash day : _bPuppy Pals phonics / _cBy Thea Feldman ; Illustatrations by Clare Elsom |
||
| 260 |
_aNew York : _bScholastic, _c2016. |
||
| 300 |
_a8 unnumbered pages : _bcolor illustrations ; _c19 cm |
||
| 505 | _aNP | ||
| 520 | _aLearn with phonics in wash day | ||
| 650 |
_aAnimals _vPhonics _xWash day |
||
| 700 |
_aElsom, Clare _eillustrator |
||
| 942 |
_2ddc _cBK _n0 |
||
| 999 |
_c8912 _d8912 |
||